000 00774nam a2200217 i 4500
001 48304
003 ES-MaACL
005 20230906161730.0
007 t|
008 950712s1879 fr ap ||||1| fre d
040 _aCAM
_bspa
_cCAM
100 1 _aDaendliker, K.
_9201313
245 1 0 _aHistoire du peuple suisse /
_cpar le Dr K. Daendliker,... ; traduit de l'allemand, avec l'autorisation de l'auteur, par Mme Jules Favre née Velten ; et précédé d'une introduction de M. Jules Favre.
260 _aParis :
_bGermer Baillière,
_c1879.
300 _aXL, 335 p., [1] h. de map. pleg. ;
_c23 cm.
651 4 _aSuiza-
_xHistoria.
_99418
700 1 _aFavre, Jules.
_9188234
700 1 _aFavre, Jules (Mme.)
_9201319
852 _aES-MaACL
_jG-7542
999 _c48304
_d48304